LEADER 02006nam a2200313 u 4500 001 000000000914 003 CaOOAMICUS 005 20070226104244.0 008 940919r1945 it u000 u ita u 035 $a10019625 040 $aPUL(R)$bita 100 1 $aFelten, Joseph,$d1851-1929.$0(OLS)http://pul/name/1033 245 10$aStoria dei tempi del Nuovo Testamento :$bgiudaismo e paganesimo al tempo di N.S. Gesł Cristo e degli apostoli /$cversione italiana del Prof. L.E. Bongioanni .. 260 $aTorino :$bSocietą editrice internazionale,$c[c1945] 300 $a4 v. ;$c23 cm 490 1 $aStudi superiori 500 $a4. ristampa. 500 $aPrefazione datata: Bonn, 1909. 505 1 $av. 1 La storia politica degli ebrei dal 63 a. Cristo al 135 d. Cristo. -- v. 2 Le condizioni sociali e morali interne del popolo ebreo ai tempi del Nuovo Testamento. -- v. 3 Le idee teologiche degli ebrei ai tempi del Nuovo Testamento. -- v. 4 Il paganesimo ai tempi del Nuovo Testamento. 630 04$aBiblia.$pN.T.$xStoria.$0(OLS)http://pul/subject/1019 830 0$aStudi superiori.$0(OLS)http://pul/title/1343 850 $aPUL 852 $aPUL$W1$xDP1 Fondo Cecchetti$y53$m264 B 19-22$j1184$nBK-PRI$b $qFondi$B1184$CPULBib$Z2$F1184 $HPUL756-759 $81 852 $aPUL$W1$xDP1 Fondo Cecchetti$y53$m264 B 19-22$j1184$nBK-PRI$b $qFondi$B1185$CPULBib$Z2$F1185 $HPUL756-759 $81 852 $aPUL$W1$xDP1 Fondo Cecchetti$y53$m264 B 19-22$j1184$nBK-PRI$b $qFondi$B1186$CPULBib$Z2$F1186 $HPUL756-759 $81 852 $aPUL$W1$xDP1 Fondo Cecchetti$y53$m264 B 19-22$j1184$nBK-PRI$b $qFondi$B1187$CPULBib$Z2$F1187 $HPUL756-759 $81 941 1 $a1 996 $6245$aStoria dei tempi del Nuovo Testamento :$bgiudaismo e paganesimo al tempo di N.S. Gesł Cristo e degli apostoli$9(OLS)http://pul/title/1342 996 $6260$aTorino :$bSocietą editrice internazionale$9(OLS)http://pul/publisher/48156 LEADER 01665nam a2200361 u 4500 001 000000028017 003 CaOOAMICUS 005 20070226111744.0 008 960330r19951831gw h u000 u lat u 020 $a3770529308 035 $a10727694 040 $aPUL(R)$bita 041 0 $ager$alat 100 0 $aAristoteles,$d384-322 a.C.$0(OLS)http://pul/name/792 245 10$aAristoteles latine :$binterpretibus variis /$cedidit Academia Regia Borussica, Berlin 1831 ; Nachdruck hrsg. und eingeleitet von Eckhard Ke{BE}ler. 260 $aMünchen :$bW. Fink,$cc1995. 300 $axxxi, 750 p. :$bfacs. ;$c24 cm 490 1 $aHumanistische Bibliothek.$aReihe II, Texte ;$vBd. 30 500 $a"Nachdruck herausgegeben und eingeleitet von Eckhard Kessler". 500 $aRistampa anastatica dell'edizione pubblicata a Berlino, 1831. 504 $a"Bibliographie": p. xxvii-xxxi. 600 04$aAristoteles,$d384-322 a.C.$xCritica e interpretazione.$0(OLS)http://pul/subject/434 700 1 $aKessler, Eckhard,$d1903-$0(OLS)http://pul/name/22841 830 0$aHumanistische Bibliothek.$nReihe II,$pTexte ;$vBd. 30.$0(OLS)http://pul/title/38284 850 $aPUL 852 $aPUL$W1$xSL Filosofia 1$y2$m82 E 43$j38957$nBK-PRI$b $qStampati$B38957$CPULBib$Z2$F38957 $H $81 900 $aAristotle,$d 384-322 a.C.$9792 900 $aAristotele,$d384-322 a.C.$9792 941 1 $a8 961 $aINV: 80162 996 $6020$a3770529308$9(OLS)http://pul/number/34748 996 $6245$aAristoteles latine :$binterpretibus variis$9(OLS)http://pul/title/38283 996 $6260$aMünchen :$bW. Fink$9(OLS)http://pul/publisher/53918